|
|
|
|
| LEADER |
00000cam a22000002c 4500 |
| 001 |
1122543492 |
| 003 |
DE-627 |
| 005 |
20240501190156.0 |
| 007 |
tu |
| 008 |
960617s1970 xx ||||| 00| ||ger c |
| 035 |
|
|
|a (DE-627)1122543492
|
| 035 |
|
|
|a (DE-576)052543498
|
| 035 |
|
|
|a (DE-599)BSZ052543498
|
| 035 |
|
|
|a (OCoLC)15875120
|
| 035 |
|
|
|a (DE-604)8060770570
|
| 040 |
|
|
|a DE-627
|b ger
|c DE-627
|e rakwb
|
| 041 |
|
|
|a ger
|
| 084 |
|
|
|a BC 2220
|2 rvk
|0 (DE-625)rvk/9283:13072
|
| 245 |
0 |
0 |
|a Synopse der drei ersten Evangelien
|c Albert Huck
|
| 250 |
|
|
|a 13. Aufl. ; unveränd. Nachdr. d. unter Mitwirkung von H. G. Opitz von Hans Lietzmann völlig neu bearb. 9. Aufl.
|
| 264 |
|
1 |
|a Tübingen
|b Mohr
|c 1970
|
| 300 |
|
|
|a XX, 213 S.
|
| 336 |
|
|
|a Text
|b txt
|2 rdacontent
|
| 337 |
|
|
|a ohne Hilfsmittel zu benutzen
|b n
|2 rdamedia
|
| 338 |
|
|
|a Band
|b nc
|2 rdacarrier
|
| 583 |
1 |
|
|a Archivierung prüfen
|c 20200919
|f DE-640
|z 1
|2 pdager
|
| 583 |
1 |
|
|a Archivierung/Langzeitarchivierung gewährleistet
|f PEBW
|h DE-24
|x XA-DE-BW
|2 pdager
|5 DE-25
|
| 601 |
|
|
|a Evangeliar
|
| 689 |
0 |
0 |
|d u
|0 (DE-588)4078110-0
|0 (DE-627)106078348
|0 (DE-576)209207434
|a Bibel
|2 gnd
|p Synoptische Evangelien
|
| 689 |
0 |
|
|5 (DE-627)
|
| 700 |
1 |
|
|0 (DE-588)137965206
|0 (DE-627)598177825
|0 (DE-576)161505511
|4 oth
|a Huck, Albert
|d 1867-1942
|
| 700 |
1 |
|
|e Bearb.
|0 (DE-588)118572865
|0 (DE-627)13647277X
|0 (DE-576)209014199
|4 adp
|a Lietzmann, Hans
|d 1875-1942
|
| 730 |
0 |
2 |
|a Evangelia <dt.>
|
| 935 |
|
|
|a mteo
|
| 936 |
r |
v |
|a BC 2220
|b Ursprache
|k Theologie und Religionswissenschaften
|k Bibelwissenschaft
|k Bibeltexte, Bibelkommentare und Abhandlungen
|k Bibeltexte und -übersetzungen
|k Neutestamentliche Bücher
|k Synoptiker
|k Synoptiker
|k Ursprache
|0 (DE-627)1270887734
|0 (DE-625)rvk/9283:13072
|0 (DE-576)200887734
|
| 951 |
|
|
|a BO
|
| BIB |
|
|
|a 1
|
| ELC |
|
|
|b 1
|
| ORI |
|
|
|a SA-MARC-ixtheo_oa001.raw
|
| SUB |
|
|
|a BIB
|
| SYG |
0 |
0 |
|a Synoptische Evangelien,The Synoptic gospels,Ewangelie synoptyczne,Četyre Evangelija
|